| 000 | 00387nam a2200157Ia 4500 | ||
|---|---|---|---|
| 008 | 210716s2006 xx 000 0 und d | ||
| 020 | _a8126506946 | ||
| 041 | _aeng | ||
| 082 | _a382 CHAS | ||
| 100 | _aChary S N. | ||
| 245 | _aElements of international business. | ||
| 250 | _a1 | ||
| 260 |
_aNew Delhi _bWiley India _c2006 |
||
| 300 | _axix,416 | ||
| 650 | _aInternational Business | ||
| 999 |
_c201782 _d201782 |
||